| 000 | 00389nam a2200109Ia 4500 | ||
|---|---|---|---|
| 008 | 171211s9999 xx 000 0 und d | ||
| 245 | _aMachine Learning Control – Taming Nonlinear Dynamics and Turbulence | ||
| 245 | _cBernd R. Noack, Steven L. Brunton, and Thomas Duriez | ||
| 260 | _c2016 | ||
| 650 | _xEngineering and Technology | ||
| 856 | _uhttp://down.ebook777.com/064/331940623X.pdf | ||
| 999 |
_c350281 _d350281 |
||